| 000 | 01101cam a22003255a 4500 | ||
|---|---|---|---|
| 001 | 015478246 | ||
| 003 | EG-ScBUE | ||
| 005 | 20220203103206.0 | ||
| 008 | 100128s2010 enka gr 000 1 eng d | ||
| 020 | _a9780007279067 (pbk.) | ||
| 020 | _a000727906X (pbk.) | ||
| 040 |
_aStDuBDS _beng _erda _cStDuBDS _dEG-ScBUE |
||
| 082 | 0 | 4 |
_a823.92 _222 _bWAL |
| 100 | 1 |
_aWalliams, David, _d1971- _eauthor. _940189 |
|
| 245 | 1 | 0 |
_aMr Stink / _cDavid Walliams ; illustrated by Quentin Blake. |
| 264 | 1 |
_aLondon : _bHarper Collins Children's Books, _c2010. |
|
| 300 |
_a267 pages : _billustrations ; _c20 cm |
||
| 336 |
_2rdacontent _atext _btxt |
||
| 337 |
_2rdamedia _aunmediated _bn |
||
| 338 |
_2rdacarrier _avolume _bnc |
||
| 500 | _aOriginally published : 2009. | ||
| 650 | 7 |
_aHomeless persons _vJuvenile fiction. _2BUEsh _940190 |
|
| 650 | 7 |
_aFriendship _vJuvenile fiction. _2BUEsh _940191 |
|
| 650 | 7 |
_aBody odor _vJuvenile fiction _2BUEsh _940192 |
|
| 651 | _2BUEsh | ||
| 653 |
_cJune2016 _bHHUUEENN |
||
| 655 |
_vReading book _934232 |
||
| 700 | 1 |
_aBlake, Quentin, _eillustrator. _934204 |
|
| 942 |
_2ddc _cBB |
||
| 999 |
_c21897 _d21869 |
||